| 000 | 00621nam a2200193Ia 4500 | ||
|---|---|---|---|
| 001 | 23802 | ||
| 003 | GE_BSU | ||
| 008 | 181216s||||||||xx |||||||||||||| ||und|| | ||
| 040 | _cGE_BSU | ||
| 245 | _aУспехи современной биологии, Том 138. №4. Июль-Август.2018. | ||
| 245 | _cГл.ред.Ран И.А. | ||
| 260 | _aмосква | ||
| 260 | _c2018г. | ||
| 300 | _a101с;28см; | ||
| 653 | _aПериодика | ||
| 653 | _aУспехи современной биологии, Том 138.№4. Июль-Август2018. | ||
| 653 | _aპერიოდიკა | ||
| 942 | _cCR | ||
| 999 |
_c56680 _d56680 |
||